A dictionary of applied physics (Record no. 303)

MARC details
000 -LEADER
fixed length control field 00634nam a2200193Ia 4500
003 - CONTROL NUMBER IDENTIFIER
control field IN-BaIIA
008 - FIXED-LENGTH DATA ELEMENTS--GENERAL INFORMATION
fixed length control field 211028s9999 xx 000 0 eng d
040 ## - CATALOGING SOURCE
Transcribing agency IIA Library
080 ## - UNIVERSAL DECIMAL CLASSIFICATION NUMBER
Universal Decimal Classification number 03:53
Item number GLA
245 #2 - TITLE STATEMENT
Title A dictionary of applied physics
Remainder of title vol. III, meteorology, metrology and measuring apparatus
Statement of responsibility, etc. edited by Richard Glazebrook
260 ## - PUBLICATION, DISTRIBUTION, ETC.
Place of publication, distribution, etc. London
Name of publisher, distributor, etc. Macmillan
Date of publication, distribution, etc. 1923
300 ## - PHYSICAL DESCRIPTION
Extent 839p.
650 ## - SUBJECT ADDED ENTRY--TOPICAL TERM
Topical term or geographic name entry element Applied Physics Dictionary
9 (RLIN) 605
650 ## - SUBJECT ADDED ENTRY--TOPICAL TERM
Topical term or geographic name entry element Astronomy and Astrophysics Thesaurus
650 ## - SUBJECT ADDED ENTRY--TOPICAL TERM
Topical term or geographic name entry element Dictionaries-Applied Physics
9 (RLIN) 606
650 ## - SUBJECT ADDED ENTRY--TOPICAL TERM
Topical term or geographic name entry element Physics Dictionary
9 (RLIN) 607
700 ## - ADDED ENTRY--PERSONAL NAME
Personal name Glazebrook, Richard, ed.
9 (RLIN) 608
942 ## - ADDED ENTRY ELEMENTS (KOHA)
Koha item type Books
Holdings
Withdrawn status Lost status Damaged status Not for loan Home library Current library Shelving location Date acquired Total Checkouts Full call number Barcode Date last seen Price effective from Koha item type
        IIA Library-Bangalore IIA Library-Kodaikanal General Stacks     03:53/ GLA 292 05/11/2021   Books

Powered by Koha